Барьер : (Record no. 235763)
[ view plain ]
| 000 -LEADER | |
|---|---|
| fixed length control field | 00593nam a2200181 u 4500 |
| 001 - CONTROL NUMBER | |
| control field | 000582842 |
| 003 - CONTROL NUMBER IDENTIFIER | |
| control field | AM-YeHGA |
| 005 - DATE AND TIME OF LATEST TRANSACTION | |
| control field | 20250617141302.0 |
| 008 - FIXED-LENGTH DATA ELEMENTS--GENERAL INFORMATION | |
| fixed length control field | 080526s1973 ||| r 000 0 rus d |
| 040 ## - CATALOGING SOURCE | |
| Original cataloging agency | AM-YeHGA |
| 041 0# - LANGUAGE CODE | |
| Language code of text/sound track or separate title | rus |
| 090 ## - LOCALLY ASSIGNED LC-TYPE CALL NUMBER (OCLC); LOCAL CALL NUMBER (RLIN) | |
| -- | 237329 |
| 100 1# - MAIN ENTRY--PERSONAL NAME | |
| Personal name | Федорова, Аида Петровна |
| 245 10 - TITLE STATEMENT | |
| Title | Барьер : |
| Remainder of title | Стихи. Поэмы / |
| Statement of responsibility, etc. | Аида Федорова. |
| 260 ## - PUBLICATION, DISTRIBUTION, ETC. | |
| Place of publication, distribution, etc. | Красноярск : |
| Name of publisher, distributor, etc. | Краснояр. кн. изд-во, |
| Date of publication, distribution, etc. | 1973. |
| 300 ## - PHYSICAL DESCRIPTION | |
| Extent | 102 с. : |
| Other physical details | портр. ; |
| Dimensions | 15 см. |
| 653 0# - INDEX TERM--UNCONTROLLED | |
| Uncontrolled term | Русская советская поэзия |
| Withdrawn status | Lost status | Source of classification or shelving scheme | Damaged status | Not for loan | Collection | Home library | Current library | Date acquired | Cost, normal purchase price | Total checkouts | Full call number | Barcode | Date last seen | Price effective from | Koha item type | Public note |
|---|---|---|---|---|---|---|---|---|---|---|---|---|---|---|---|---|
| Universal Decimal Classification | General | Fundamental Scientific Library | Fundamental Scientific Library | 28/12/2016 | 2.00 | PI/32301 | FL0057950 | 28/12/2016 | 28/12/2016 | Գրքեր / Books | 30 Days Loan |
ՀՀ Գիտությունների ազգային ակադեմիայի հիմնարար գիտական գրադարան = Fundamental Scientific Library of NAS RA
All site content, except where otherwise noted, is licensed under a